Size-dependent aggregation of graphene oxide

Graphene oxides (GO) of highly polydisperse size distribution were prepared by the Brodie method and their dispersion stability was characterized. Exfoliation and fractionation led to well-defined particle populations in the Nano, classical Colloidal (submicron) and Micrometer size ranges, as reveal...

Teljes leírás

Elmentve itt :
Bibliográfiai részletek
Szerzők: Szabó Tamás
Maroni Plinio
Szilágyi István
Dokumentumtípus: Cikk
Megjelent: 2020
Sorozat:CARBON 160
doi:10.1016/j.carbon.2020.01.022

mtmt:31123785
Online Access:http://publicatio.bibl.u-szeged.hu/17875
LEADER 02001nab a2200229 i 4500
001 publ17875
005 20200115093514.0
008 200115s2020 hu o 0|| zxx d
022 |a 0008-6223 
024 7 |a 10.1016/j.carbon.2020.01.022  |2 doi 
024 7 |a 31123785  |2 mtmt 
040 |a SZTE Publicatio Repozitórium  |b hun 
041 |a zxx 
100 1 |a Szabó Tamás 
245 1 0 |a Size-dependent aggregation of graphene oxide  |h [elektronikus dokumentum] /  |c  Szabó Tamás 
260 |c 2020 
300 |a 145-155 
490 0 |a CARBON  |v 160 
520 3 |a Graphene oxides (GO) of highly polydisperse size distribution were prepared by the Brodie method and their dispersion stability was characterized. Exfoliation and fractionation led to well-defined particle populations in the Nano, classical Colloidal (submicron) and Micrometer size ranges, as revealed by atomic force microscopy and light scattering measurements. Time-resolved dynamic light scattering experiments revealed that aggregation processes are fully impeded in the intermediate pH regime of 3–13 in the absence of electrolytes. While the resistance against salt-induced aggregation increases with the pH due to the progressive ionization of the surface functional groups of GO sheets, their dispersions are inherently unstable at supramillimolar concentrations of strong acids and submolar concentrations of bases, in line with the DLVO theory. However, the aggregation behavior quantified by the critical coagulation concentrations (CCCs) shows surprisingly substantial platelet size dependence. The CCC of Nano Brodie-GO reaches 360 mm at pH = 12, which is one of the highest values ever reported for GO aqueous dispersions. These results provide useful quantitative information to design processable GO dispersions of pH- and size-tunable stability for future applications. 
700 0 1 |a Maroni Plinio  |e aut 
700 0 1 |a Szilágyi István  |e aut 
856 4 0 |u http://publicatio.bibl.u-szeged.hu/17875/1/carbon_1602020145.pdf  |z Dokumentum-elérés